Statistics for Cleveland Cavaliers NBA Champions

Click here to take the quiz!

General Stats

  • This quiz has been taken 98 times
  • The average score is 8 of 14

Answer Stats

TitlesPlayer% Correct
1Kyrie Irving
100%
1LeBron James
100%
1Kevin Love
96%
1J.R. Smith
90%
1Tristan Thompson
84%
1Matthew Dellavedova
50%
1Richard Jefferson
50%
1Iman Shumpert
46%
1Dahntay Jones
43%
1James Jones
43%
1Timofey Mozgov
43%
1Mo Williams
40%
1Channing Frye
30%
1Jordan McRae
12%

Score Distribution

Percentile by Number Answered

Percent of People with Each Score

Your Score History

You have not taken this quiz